Female Governors Sudden Death - Statistics

General Stats
  • This quiz has been taken 90 times
    14 since last reset
  • The average score is 11 of 33
Answers on the Grid
Answers color-coded by a green-red scale on the quiz's grid according to % correct below.
Alabama
Alaska
Arizona
Arkansas
California
Colorado
Connecticut
Delaware
Florida
Georgia
Hawaii
Idaho
Illinois
Indiana
Iowa
Kansas
Kentucky
Louisiana
Maine
Maryland
Massachusetts
Michigan
Minnesota
Mississippi
Missouri
Montana
Nebraska
Nevada
New Hampshire
New Jersey
New Mexico
New York
North Carolina
North Dakota
Ohio
Oklahoma
Oregon
Pennsylvania
Rhode Island
South Carolina
South Dakota
Tennessee
Texas
Utah
Vermont
Virginia
Washington
West Virginia
Wisconsin
Wyoming
 
Answer Stats
Answer % Correct
Arizona
62%
New York
62%
Massachusetts
54%
Michigan
54%
Oregon
54%
Alabama
46%
Alaska
46%
Connecticut
46%
Texas
46%
Maine
38%
New Hampshire
38%
New Jersey
38%
Virginia
38%
Wyoming
38%
Delaware
31%
Iowa
31%
Kansas
31%
New Mexico
31%
North Carolina
31%
South Dakota
31%
Arkansas
23%
Hawaii
23%
Kentucky
23%
Louisiana
23%
Montana
23%
Oklahoma
23%
Rhode Island
23%
South Carolina
23%
Washington
23%
Nebraska
15%
Utah
15%
Vermont
15%
Ohio
8%
No matching quizzes found
Score Distribution
Percent of People with Each Score
Percentile by Number Answered
Your Score History
You have not taken this quiz since the last reset